1414 1581 1112 1246 1910 1436 1125 1576 1647 1125 1481 1119 1018 1579 1154 1707 1394 1300 1257 1468 1286 1697 1444 1987 1542 1933 1446 1742 1433 1666 1935 1155 1661 1836 1001 1083 1206 1699 1053 1743 1798 1619 1728 1708 1681 1747 1746 1944 1357 1324 1082 1646 1187 1940 1030 1837 1358 1071 1816 1245 1151 1111 1893 1303 1835 1609 1034 1205 1600 1464 1828 1459 1756 1270 1309 1068 1507 1357 1235 1650 1288 1987 1513 1546 1337 1744 1310 1350 1733 1639 1136 1502 1887 1043 1521 1191 1952 1133 1370 BCNSPRNW ULIB Ver.6.0+V

เปลี่ยนเป็นภาษาไทย

Change to English
 แสดงรายละเอียดบรรณานุกรม
  กลับหน้าหลัก

Brief Record : Get Marc (ISO 2709) : E-mail record : QR code < ปิดหน้าต่าง
LEADER : 00000nam 2200000uu 4500
001    13399128036
003     ULIB
008    220118s2563||||th 000 0 tha d
020    ^a9786164261730
050    ^aQA100^bช424ค
100    ^aชัยรัตน์ มดนาค
245    ^aคณิตศาสตร์ประกันชีวิตเบื้องต้น
250    ^aพิมพ์ครั้งที่ 1
260    ^aพิษณุโลก :^bสำนักพิมพ์มหาวิทยาลัยนเรศวร,^c2563
300    ^a324 หน้า;^b26 ซม.
650    ^aประกันชีวิต
945    ^p380^l0^i29181
999    ^aกัณชพร จุลอักษร
รายการนี้ยังไม่มีแท็ก
คุณยังไม่ได้ล็อกอิน คุณสามารถมีกิจกรรมร่วมกับเว็บไซต์ได้ แต่ต้องล็อกอินก่อน ::
  ล็อกอิน

รายการสื่อสารสนเทศ

ลำดับที่ ประเภท เลขเรียก/บาร์โค้ด สถานที่ สถานะ
1. วิทยาศาสตร์การแพทย์ และสุขภาพ
วิทยาศาสตร์การแพทย์ และสุขภาพ
QA100 ช424ค ฉ.1 
  Barcode: 29181
ห้องสมุดวิทยาเขตนครสวรรค์
►หนังสือทั่วไป:l:General Books
บนชั้น

รายการใกล้เคียง
    ชื่อเรื่อง [คณิตศาสตร์ประกันชีวิตเบื้องต้น]

    หัวเรื่อง [ประกันชีวิต]

BibComment


ยังไม่เคยถูกคอมเมนท์

คอมเมนท์ทรัพยากรรายการนี้
  คอมเมนท์: คณิตศาสตร์ประกัน..


 Copyright 2026. Bcnsprnw @Library